<?xml version="1.0" encoding="UTF-8"?>
<record
    xmlns:xsi="http://www.w3.org/2001/XMLSchema-instance"
    xsi:schemaLocation="http://www.loc.gov/MARC21/slim http://www.loc.gov/standards/marcxml/schema/MARC21slim.xsd"
    xmlns="http://www.loc.gov/MARC21/slim">

  <leader>00971cam8a220021700 4500</leader>
  <controlfield tag="001">tmp15736922</controlfield>
  <controlfield tag="003">UPRA</controlfield>
  <controlfield tag="005">20190819104634.0</controlfield>
  <controlfield tag="008">951016n        xx                  eng u</controlfield>
  <datafield tag="035" ind1=" " ind2=" ">
    <subfield code="a">(Sirsi) r48418</subfield>
  </datafield>
  <datafield tag="050" ind1=" " ind2=" ">
    <subfield code="a">THESIS PHD (EDU) JAM 1987</subfield>
  </datafield>
  <datafield tag="100" ind1="1" ind2=" ">
    <subfield code="a">Kaabwe, Eleanor Stella Musanga</subfield>
  </datafield>
  <datafield tag="245" ind1="1" ind2="4">
    <subfield code="a">The relationship between student characteristics and the academic achievement of secondary school students in Tanzania/</subfield>
    <subfield code="c">Eleanor Stella Musanga</subfield>
  </datafield>
  <datafield tag="260" ind1=" " ind2=" ">
    <subfield code="a">Albany:</subfield>
    <subfield code="b">State University of New York,</subfield>
    <subfield code="c">1987.</subfield>
  </datafield>
  <datafield tag="300" ind1=" " ind2=" ">
    <subfield code="a">vii, 265p.:</subfield>
    <subfield code="b">ill.</subfield>
  </datafield>
  <datafield tag="502" ind1=" " ind2=" ">
    <subfield code="a">Thesis Ph.D (EDU)--State University of New York at Albany, 1987.</subfield>
  </datafield>
  <datafield tag="504" ind1=" " ind2=" ">
    <subfield code="a">Includes bibliographical references.</subfield>
  </datafield>
  <datafield tag="650" ind1=" " ind2="0">
    <subfield code="a">Academic achievement.</subfield>
    <subfield code="6">S4583.1</subfield>
  </datafield>
  <datafield tag="650" ind1=" " ind2="0">
    <subfield code="a">High school students -- Tanzania.</subfield>
    <subfield code="z">High school students -- Tanzania.</subfield>
    <subfield code="6">S4584.1</subfield>
  </datafield>
  <datafield tag="650" ind1=" " ind2="0">
    <subfield code="a">High school students' socio-economic status -- Tanzania.</subfield>
    <subfield code="z">High school students' socio-economic status -- Tanzania.</subfield>
    <subfield code="6">S4585.1</subfield>
  </datafield>
  <datafield tag="999" ind1=" " ind2=" ">
    <subfield code="c">103388</subfield>
    <subfield code="d">103388</subfield>
  </datafield>
  <datafield tag="952" ind1=" " ind2=" ">
    <subfield code="0">0</subfield>
    <subfield code="1">0</subfield>
    <subfield code="2">lcc</subfield>
    <subfield code="4">0</subfield>
    <subfield code="7">0</subfield>
    <subfield code="a">MAIN</subfield>
    <subfield code="b">MAIN</subfield>
    <subfield code="c">SPECIAL</subfield>
    <subfield code="l">0</subfield>
    <subfield code="o">THESIS PHD (EDU) JAM 1987</subfield>
    <subfield code="p">33729005508937</subfield>
    <subfield code="r">2019-08-19 00:00:00</subfield>
    <subfield code="t">1</subfield>
    <subfield code="w">2019-08-19</subfield>
    <subfield code="y">THESIS</subfield>
  </datafield>
</record>
